¿Se puede vivir así? : (Registro nro. 42203)
[ vista simple ]
| 000 -LEADER | |
|---|---|
| fixed length control field | 01521cam a2200361 i 4500 |
| 001 - CONTROL NUMBER | |
| control field | 42203 |
| 003 - CONTROL NUMBER IDENTIFIER | |
| control field | Mx-PuUPA |
| 005 - DATE AND TIME OF LATEST TRANSACTION | |
| control field | 20251120132054.0 |
| 008 - FIXED-LENGTH DATA ELEMENTS--GENERAL INFORMATION | |
| fixed length control field | 140415s2007 sp gr 001 0 spa d |
| 020 ## - INTERNATIONAL STANDARD BOOK NUMBER | |
| International Standard Book Number | 9788474908428 |
| 040 ## - CATALOGING SOURCE | |
| Transcribing agency | Mx-PuUPA |
| Original cataloging agency | Mx-PuUPA |
| Language of cataloging | spa |
| Modifying agency | Mx-PuUPA |
| Description conventions | rda |
| 041 0# - LANGUAGE CODE | |
| Language code of text/sound track or separate title | spa |
| Language code of original | ita |
| 100 1# - MAIN ENTRY--PERSONAL NAME | |
| Personal name | Giussani, Luigi, |
| Dates associated with a name | 1922-2005, |
| 9 (RLIN) | 1679 |
| Relator term | autor |
| 240 ## - UNIFORM TITLE | |
| Uniform title | Si può vivere così? Uno strano approccio all'esistenza cristiana. |
| Language of a work | Español |
| 245 11 - TITLE STATEMENT | |
| Title | ¿Se puede vivir así? : |
| Remainder of title | un acercamiento extraño a la existencia cristiana / |
| Statement of responsibility, etc. | Luigi Giussani ; traducción, María Puy Alonso, José Miguel Oriol |
| 250 ## - EDITION STATEMENT | |
| Edition statement | 2a edición / |
| Remainder of edition statement | febrero |
| 264 #1 - PRODUCTION, PUBLICATION, DISTRIBUTION, MANUFACTURE, AND COPYRIGHT NOTICE | |
| Place of production, publication, distribution, manufacture | Madrid, España : |
| Name of producer, publisher, distributor, manufacturer | Ediciones Encuentro, |
| Date of production, publication, distribution, manufacture, or copyright notice | 2007 |
| 300 ## - PHYSICAL DESCRIPTION | |
| Extent | 318 páginas : |
| Dimensions | 23 cm |
| 336 ## - CONTENT TYPE | |
| Fuente | rdacontent |
| Content type term | texto |
| Content type code | txt |
| 337 ## - MEDIA TYPE | |
| Source | rdamedia |
| Media type term | sin medio |
| Media type code | n |
| 338 ## - CARRIER TYPE | |
| Source | rdacarrier |
| Carrier type term | volumen |
| Carrier type code | nc |
| 490 0# - SERIES STATEMENT | |
| Series statement | Ensayos ; |
| Volume/sequential designation | 314 |
| 650 #7 - SUBJECT ADDED ENTRY--TOPICAL TERM | |
| Source of heading or term | armarc |
| 9 (RLIN) | 13986 |
| Topical term or geographic name entry element | Vida espiritual |
| General subdivision | Iglesia Católica |
| 650 #7 - SUBJECT ADDED ENTRY--TOPICAL TERM | |
| Source of heading or term | armarc |
| Topical term or geographic name entry element | Vida cristiana |
| General subdivision | Autores Católicos |
| 650 #7 - SUBJECT ADDED ENTRY--TOPICAL TERM | |
| Source of heading or term | armarc |
| Topical term or geographic name entry element | Juventud católica |
| General subdivision | Vida religiosa |
| 650 #7 - SUBJECT ADDED ENTRY--TOPICAL TERM | |
| Source of heading or term | armarc |
| Topical term or geographic name entry element | Vocación religiosa |
| 700 1# - ADDED ENTRY--PERSONAL NAME | |
| Personal name | Puy Alonso, María, |
| Relator term | traductor |
| 700 1# - ADDED ENTRY--PERSONAL NAME | |
| Personal name | Oriol, José Miguel, |
| Relator term | traductor |
| 765 0# - ORIGINAL LANGUAGE ENTRY | |
| Main entry heading | Giussani, Luigi |
| Title | Si può vivere così? Uno strano approccio all'esistenza cristiana |
| Place, publisher, and date of publication | [lugar de publicación no identificado] : Fraternità di Comunione e Liberazione, ©1994 |
| 942 ## - ADDED ENTRY ELEMENTS (KOHA) | |
| Source of classification or shelving scheme | Dewey Decimal Classification |
| Koha item type | Libro |
| Classification part | 248.4 |
| Item part | F5318 |
| Withdrawn status | Lost status | Source of classification or shelving scheme | Damaged status | Not for loan | Collection code | Home library | Current library | Shelving location | Date acquired | Source of acquisition | Total Checkouts | Full call number | Barcode | Date last seen | Price effective from | Koha item type |
|---|---|---|---|---|---|---|---|---|---|---|---|---|---|---|---|---|
| Dewey Decimal Classification | General | Centro de Estudios en Ciencia y Religión | Centro de Estudios en Ciencia y Religión | Sala general | 03/12/2013 | Compra | 248.4 G5318 2007 | 63517 | 05/01/2026 | 03/12/2013 | Libro |